Southville International School and Colleges
Your cart is empty.
  • Cart
  • Lists
    Public lists Eva Luna New books Lux_list list_1
    Your lists Log in to create your own lists
  • Log in to your account
  • Your cookies
  • Search history
Southville International School and Colleges
  • Advanced search
  • Recent comments
  • Most popular
  • Libraries

Log in to your account

Log in with GOOGLE


If you do not have an external account, but do have a local account, you can still log in:

  1. Home
  2. MARC view: The mambo kings play songs of love /
Normal view MARC view ISBD view

The mambo kings play songs of love / (Record no. 288624)

[ view plain ]
MARC details
000 -LEADER
fixed length control field 00842cam a2200265 a 4500
001 - CONTROL NUMBER
control field ocn0060973277
003 - CONTROL NUMBER IDENTIFIER
control field PILC
005 - DATE AND TIME OF LATEST TRANSACTION
control field 20150907092658.0
008 - FIXED-LENGTH DATA ELEMENTS--GENERAL INFORMATION
fixed length control field 030810s nyu 000 0 eng d
020 ## - INTERNATIONAL STANDARD BOOK NUMBER
International Standard Book Number 0060973277
050 00 - LIBRARY OF CONGRESS CALL NUMBER
Classification number PS 3558.I376
Item number .H639 1990
100 1# - MAIN ENTRY--PERSONAL NAME
Personal name Hijuelos, Oscar.
245 14 - TITLE STATEMENT
Title The mambo kings play songs of love /
Statement of responsibility, etc Oscar Hijuelos.
250 ## - EDITION STATEMENT
Edition statement 1st Perennial library edition.
260 ## - PUBLICATION, DISTRIBUTION, ETC. (IMPRINT)
Place of publication, distribution, etc New York :
Name of publisher, distributor, etc Harper & Row,
Date of publication, distribution, etc 1990.
300 ## - PHYSICAL DESCRIPTION
Extent 407 pages ;
Dimensions 21 cm.
490 0# - SERIES STATEMENT
Series statement Perennial library.
500 ## - GENERAL NOTE
General note Reprint. Originally published: New York : Farrar Straus & Giroux, 1989.
650 #0 - SUBJECT ADDED ENTRY--TOPICAL TERM
Topical term or geographic name as entry element Musicians
General subdivision United States
-- Fiction.
650 #0 - SUBJECT ADDED ENTRY--TOPICAL TERM
Topical term or geographic name as entry element Brothers
General subdivision United States
-- Fiction.
650 #0 - SUBJECT ADDED ENTRY--TOPICAL TERM
Topical term or geographic name as entry element Cuban Americans
General subdivision Fiction.
650 #0 - SUBJECT ADDED ENTRY--TOPICAL TERM
Topical term or geographic name as entry element Domestic fiction.
650 #0 - SUBJECT ADDED ENTRY--TOPICAL TERM
Topical term or geographic name as entry element Musical fiction.
942 ## - ADDED ENTRY ELEMENTS (KOHA)
Source of classification or shelving scheme Library of Congress Classification
Koha item type Books
Holdings
Withdrawn status Lost status Source of classification or shelving scheme Damaged status Home library Current library Shelving location Date acquired Source of acquisition Sub Shelving location Total Checkouts Full call number Barcode Date last seen Price effective from Koha item type
    Library of Congress Classification   College Library College Library Fiction Section 09/07/2015 Donation     PS 3558.I376 .H639 1990 C19939 05/08/2018 09/07/2015 Books

The mambo kings play songs of love /

APA

Hijuelos O., . (1990). The mambo kings play songs of love. New York: Harper & Row.

Chicago

Hijuelos Oscar, . 1990. The mambo kings play songs of love. New York: Harper & Row.

Harvard

Hijuelos O., . (1990). The mambo kings play songs of love. New York: Harper & Row.

MLA

Hijuelos Oscar, . The mambo kings play songs of love. New York: Harper & Row. 1990.

  • Place hold
  • Print
  • Cite
  • Add to your cart (remove)
  • Save record
    BIBTEX Dublin Core MARCXML MARC (non-Unicode/MARC-8) MARC (Unicode/UTF-8) MARC (Unicode/UTF-8, Standard) MODS (XML) RIS
  • More searches
    Search for this title in:
    Other Libraries (WorldCat) Other Databases (Google Scholar) Online Stores (Bookfinder.com) Open Library (openlibrary.org)

Exporting to Dublin Core...

SOUTHVILLE LIBRARY

Southville International School and Colleges Library

1281 Tropical Ave. Cor. Luxembourg St., BF Homes International, Las Pinas City

Tel. No. 8256374 / 252358 Loc. 117/146

Powered by Koha